Airports Named After People - Statistics

General Stats
  • This quiz has been taken 104 times
    53 since last reset
  • The average score is 19 of 35
Answer Stats
City Person % Correct
New York, USA John F. Kennedy
94%
Paris, France Charles de Gaulle
87%
New Delhi, India Indira Gandhi
79%
Chicago, USA Edward O'Hare
73%
New York, USA Fiorello LaGuardia
73%
Liverpool, UK John Lennon
73%
Houston, USA George Bush
69%
Istanbul, Turkey Mustafa Ataturk
69%
Washington, USA Ronald Reagan
69%
Salzburg, Austria W. A. Mozart
69%
Ulan Bator, Mongolia Genghis Khan
67%
Rome, Italy Leonardo da Vinci
67%
Little Rock, USA Bill & Hillary Clinton
62%
Washington, USA John Foster Dulles
62%
New Orleans, USA Louis Armstrong
62%
Toronto, Canada Lester Pearson
58%
Belgrade, Serbia Nikola Tesla
56%
Genova, Italy Christopher Columbus
52%
Atlanta, USA Hartsfield-Jackson
50%
Venice, Italy Marco Polo
48%
Tirana, Albania Mother Teresa
48%
Madeira, Portugal Cristiano Ronaldo
46%
Warsaw, Poland Frederic Chopin
46%
Pisa, Italy Galileo Galilei
46%
Belfast, UK George Best
46%
Krakow, Poland John Paul II
46%
Caracas, Venezuela Simón Bolívar
44%
Nairobi, Kenya Jomo Kenyatta
38%
Sydney, Australia Kingsford Smith
37%
Islamabad, Pakistan Benazir Bhutto
35%
Orange County, USA John Wayne
31%
Mexico City, Mexico Benito Juarez
27%
Budapest, Hungary Ferenc Liszt
27%
St. Maarten Princess Juliana
21%
Burbank, USA Bob Hope
12%
No matching quizzes found
Score Distribution
Percent of People with Each Score
Percentile by Number Answered
Your Score History
You have not taken this quiz since the last reset